Normal view
MARC view
Entry Topical Term
001 - CONTROL NUMBER
- control field: 15452
003 - CONTROL NUMBER IDENTIFIER
- control field: ARRUPE
005 - DATE AND TIME OF LATEST TRANSACTION
- control field: 20150220132747.0
008 - FIXED-LENGTH DATA ELEMENTS
- fixed length control field: 150220|| aca||aabn | a|a d
040 ## - CATALOGING SOURCE
- Original cataloging agency: ARRUPE
- Transcribing agency: ARRUPE
150 ## - HEADING--TOPICAL TERM
- Topical term or geographic name as entry element: Zoology
- Geographic subdivision: Argentina.
670 ## - SOURCE DATA FOUND
- Source citation: Work cat.: (ARRUPE)0: Durrell, Gerald, 1925-1995. 10782, The whispering land., 1964.